Piłkarze według namalowanego obrazu #2 - Statystyki

Ogólne statystyki
  • Ten quiz został rozwiązany 40 razy
  • Średni wynik to 17 z 20
Statystyki odpowiedzi
Obrazkowy Odpowiedź % Poprawnych
Luis Suárez
100%
Neymar
100%
Virgil van Dijk
94%
Antonio Rüdiger
90%
Bukayo Saka
90%
Nico Williams
90%
Pedri
90%
Toni Kroos
90%
Eduardo Camavinga
87%
Manuel Neuer
87%
Phil Foden
87%
Antoine Griezmann
84%
Cole Palmer
84%
Federico Valverde
84%
Gareth Bale
84%
Lautaro Martínez
84%
Thibaut Courtois
77%
Rúben Dias
74%
Rodrygo
71%
Artem Dovbyk
26%
Nie znaleziono quizów pasujących do podanych kryteriów
Rozkład punktacji
Procent ludzi z każdym wynikiem
Percentyl według liczby udzielonych odpowiedzi
Twoja historia wyników
Nie rozwiązałeś tego quizu